Colette /

Đã lưu trong:
Chi tiết về thư mục
Tác giả chính: Adès, Thomas (Nhà soạn nhạc)
Tác giả khác: Gough, Denise (Diễn viên), Nuttgens, Giles (Nhiếp ảnh gia), Lenkiewicz, Rebecca (Người viết kịch bản), Glatzer, Richard (Người viết kịch bản), Knightley, Keira (Diễn viên), Shaw, Fiona (Diễn viên), Westmoreland, Wash (Giám đốc), West, Dominic (Diễn viên)
Định dạng: Slide
Ngôn ngữ:Tiếng Italy
Tiếng Anh
Được phát hành: Campi Bisenzio : CG Entertainment, 2019
Các nhãn: Thêm thẻ
Không có thẻ, Là người đầu tiên thẻ bản ghi này!

MARC

LEADER 00000ngm a22000007i 4500
001 IT\ICCU\PCM\0008215
003 ItRI
005 20260124182906.0
008 190515s2019 it |||||||||||||||k|||||c
024 3 1 |a 8057092026571 
028 4 2 |a PSV21974 
040 |b ita 
041 7 |a ita  |a eng  |2 ISO-639-2 
082 |a 791.43  |9 CINEMA  |2 21 
130 0 |a Colette <film ; 2018>  |3 IT\ICCU\PCM\0008216 
245 0 0 |a Colette /  |c un film di Wash Westmoreland ; [sceneggiatura Wash Westmoreland, Richard Glatzer, Rebecca Lenkiewicz ; musiche Thomas Adès ; direttore della fotografia Giles Nuttgens]. 
260 |a Campi Bisenzio :  |b CG Entertainment,  |c 2019 
300 |a 1 DVD-Video (108 min) :  |b color, sonoro ;  |c in contenitore, 19 cm 
500 |a Caratteristiche tecniche: regione 2; sistema e formati video: PAL; 16/9, 2.35:1; formati audio: Dolby digital 5.1, 2.0 
500 |a Titolo del contenitore 
500 |a Produzione cinematografica Regno Unito /USA/Francia/Ungheria/Olanda 2018 
500 |a Interpreti principali: Keira Knightley, Dominci West, Denise Gough, Fiona Shaw 
500 |a Lingue: italiano, inglese; sottotitoli: italiano, italiano per non udenti 
500 |a Anche sceneggiatore  |0 IT\ICCU\UBOV\169111 
700 1 |a Gough, Denise  |0 IT\ICCU\DDSV\333595  |4 act 
700 1 |a Nuttgens, Giles  |0 IT\ICCU\LO1V\328653  |4 pht 
700 1 |a Lenkiewicz, Rebecca  |0 IT\ICCU\MODV\657773  |4 sce 
700 1 |a Glatzer, Richard  |0 IT\ICCU\RAVV\077644  |4 sce 
700 1 |a Knightley, Keira  |0 IT\ICCU\RAVV\329531  |4 act 
700 1 |a Shaw, Fiona  |0 IT\ICCU\TO0V\327595  |4 act 
700 1 |a Westmoreland, Wash  |0 IT\ICCU\UBOV\169111  |4 drt 
700 1 |a West, Dominic  |0 IT\ICCU\UBOV\493452  |4 act 
700 1 |a Adès, Thomas  |0 IT\ICCU\VEAV\047106  |4 cmp 
942 |2 ddc  |c VM  |n 0 
952 |0 0  |1 0  |4 0  |6 VO_2365_000000000000000  |7 0  |9 27642  |a BO  |b BO  |d 2026-01-24  |i 19162  |l 0  |o VO 2365  |p BO19162  |r 2026-01-24 18:29:06  |w 2026-01-24  |x [Sebina 5] [1 dvd]  |y VM  |z 1 dvd 
999 |c 23428  |d 23428